Romans, op. 16 na skrzypce z fortepianem /

Hlavní autor: Zarzycki, Aleksander, 1834-1895
Další autoři: Dubiska, Irena, 1899-1989
Jazyk: Nelze použít, není lingvistický obsah
Vydáno: Kraków : Polskie Wydawnictwo Muzyczne, 1948
Vydání: 2. wyd.
Fyzický popis: 7 s.
Hudebniny Hudebniny
Uloženo v:
LEADER 00809ncm a22002292a 4500
001 001190245
003 CZ BrMZK
005 20120222091153.0
007 qu
008 120118s1948 pl |||||||||||||||||zxx d
040 |a BOA001  |b cze 
072 7 |a 787  |x Hudba pro strunné a smyčcové nástroje  |2 Konspekt  |9 9 
100 1 |a Zarzycki, Aleksander,  |d 1834-1895  |7 xx0034744  |4 cmp 
245 1 0 |a Romans, op. 16  |h [hudebnina] :  |b na skrzypce z fortepianem /  |c Aleksander Zarzycki ; oprac. I. Dubiska 
250 |a 2. wyd. 
260 |a Kraków :  |b Polskie Wydawnictwo Muzyczne,  |c 1948 
300 |a 7 s. 
700 1 |a Dubiska, Irena,  |d 1899-1989  |7 xx0034701  |4 arr 
910 |a BOA001  |b Mus4-0346.748 
990 |a MU 
991 |b 201201 
996 6 |b 2619588864  |c Mus4-0346.748  |l MZK  |r Sklad / do 1 hodiny  |n 0  |w 001223703  |u 000010  |a 1  |e BOA001  |j MZK50  |s P